Comuni della Provincia di Belluno - Statistics

Statistiche generali
  • Questo quiz è stato fatto 65 volte
    16 dall'ultimo reset
  • Il punteggio medio è 16 su 61
Statistiche sulle risposte
Comune % Corretto
Belluno
83%
Cortina d'Ampezzo
75%
Agordo
67%
Longarone
67%
Ponte nelle Alpi
67%
Feltre
58%
Alleghe
50%
Borgo Valbelluna
50%
Sedico
50%
Alpago
42%
Auronzo di Cadore
42%
Pedavena
42%
Pieve di Cadore
42%
Arsiè
33%
Calalzo di Cadore
33%
Comelico Superiore
33%
Falcade
33%
La Valle Agordina
33%
Limana
33%
Santa Giustina
33%
Santo Stefano di Cadore
33%
San Vito di Cadore
33%
Sospirolo
33%
Taibon Agordino
33%
Canale d'Agordo
25%
Domegge di Cadore
25%
Lamon
25%
Sovramonte
25%
Val di Zoldo
25%
Borca di Cadore
17%
Cencenighe Agordino
17%
Cesiomaggiore
17%
Fonzaso
17%
Gosaldo
17%
Livinallongo del Col di Lana
17%
Lorenzago di Cadore
17%
Lozzo di Cadore
17%
Rocca Pietore
17%
San Gregorio nelle Alpi
17%
Tambre
17%
Vigo di Cadore
17%
Vodo di Cadore
17%
Chies d'Alpago
8%
Cibiana di Cadore
8%
Colle Santa Lucia
8%
Danta di Cadore
8%
Ospitale di Cadore
8%
Perarolo di Cadore
8%
Rivamonte Agordino
8%
San Nicolò di Comelico
8%
San Pietro di Cadore
8%
San Tomaso Agordino
8%
Selva di Cadore
8%
Seren del Grappa
8%
Setteville
8%
Soverzene
8%
Vallada Agordina
8%
Valle di Cadore
8%
Voltago Agordino
8%
Zoppè di Cadore
8%
Zoppè di Cadore
8%
Nessun quiz corrispondente trovato
Distribuzione punteggi
Percentuale di utenti per punteggio
Percentile per numero di risposta
I tuoi punteggi nel tempo
Non hai fatto questo quiz dall'ultimo reset